000 00661nam a22002057a 4500
999 _c50545
_d50545
005 20191004113110.0
008 140320t mx||||| |||| 00| 0 spa d
020 _a9706138005
050 0 4 _aJA88.M6
_bA53 2005
100 1 _aAndrade Sánchez, J. Eduardo,
_eautor
245 1 0 _aIntroducción a la ciencia política
_c/ J. Eduardo Andrade Sánchez.
250 _a3a ed.
260 _aMéxico :
_bOxford,
_c2005
300 _axxiii, 269 p. :
_bil. ;
_c23 cm.
490 0 _aTextos jurídicos universitarios
504 _aBibliografía : 253 - 260
650 7 _2Lemb
_aCiencias politicas
942 _2lcc
_cLIB